000 00664nam a2200289Ia 4500
005 20260324141138.0
008 008 260324s9999 xx 000 0 eng d
020 _a9781315784908
037 _aEBOOK
040 _aCRL
040 _beng
040 _cCRL
041 _2eng
041 _aeng
084 _qCRL
100 _aJohn H. Kerr
_91189521
245 0 _aMotivation and Emotion in Sport
245 0 _bReversal Theory
260 _bTaylor and Francis
260 _c1997
365 _a
365 _b200
856 _uhttp://www.taylorfrancis.com/books/9781315784908
942 _cEBOOK
999 _c1809877
_d1809877